Broken compass / (Record no. 12872)
[ view plain ]
| 000 -LEADER | |
|---|---|
| fixed length control field | 00364cam a2200145ua 4500 |
| 041 ## - LANGUAGE CODE | |
| Language code of text/sound track or separate title | eng |
| 082 ## - DEWEY DECIMAL CLASSIFICATION NUMBER | |
| Classification number | 828.09 |
| Item number | PAR/BR |
| 100 ## - MAIN ENTRY--AUTHOR NAME | |
| Personal name | Partridge , Edward B . |
| 245 ## - TITLE STATEMENT | |
| Title | Broken compass / |
| 260 ## - PUBLICATION, DISTRIBUTION, ETC. (IMPRINT) | |
| Place of publication | London : |
| Name of publisher | Chatto and Windus , |
| Year of publication | 1964. |
| 300 ## - PHYSICAL DESCRIPTION | |
| Number of Pages | 254 ; . |
| 942 ## - ADDED ENTRY ELEMENTS (KOHA) | |
| Koha item type | Books |
| Withdrawn status | Lost status | Damaged status | Home library | Current library | Date acquired | Cost, normal purchase price | Full call number | Accession Number | Koha item type | Public note |
|---|---|---|---|---|---|---|---|---|---|---|
| Withdrawn | KAUAET | Sanskrit University | 07/04/2012 | 30.00 | 828.09 | 6983 | Books | Transferred to Sanskrit University |
